01525nam a22002897a 4500003000900000005001700009007000300026008004100029020002600070040002500096082002300121110006400144245034200208260006600550300004800616500007300664650006900737650006900806650007400875651006400949700003801013700003701051700002601088710009001114942001401204999001701218DO-SdBNP20250515094859.0ta230214b 2023|dr||||| ||||f00| 0 spa d axxxxxxxxxxxxxxxxxxxxx aDO-SdBNPbspacBNPHU 4a363.8097293bR426p1 aRepública Dominicana.9447bMinisterio de la Presidencia.1 aPlan nacional para soberanía y seguridad alimentaria y nutricional :bplan nacional SSAN 2023-2026cinvestigación y redacción, Sandy Susaña Peralta; colaborador, Richard Peralta Decamps; corrección de estilo, Darío Tejeda; fotografías, Organización de las Naciones Unidas para la Alimentación y la Agricultura (FAO) aSanto Domingo : bMinisterio de la Presidencia :bFAO, c2023 a154p. :bil., fots.,grafcs. tabla,cxxx cm. aIncluye referencias bibliográficas y notas al pie de las páginas 4aPolítica nutricionalzRepública Dominicanay2023-2026983107 4aSeguridad alimenticia zRepública Dominicanay2023-2026983108 0aAbastecimiento de alimentos zRepública Dominicanay2023-202695254 4aRepública DominicanaxPolítica socialy2023-20269831101 aPeralta, Sandy Susaña 9644561 aPeralta Decamps, Richard 9831111 aTejeda, Darío925402 a Organización de las Naciones Unidas para la Alimentación y la Agricultura983112 2ddccLBS1 c53129d53129